000 00333 a2200157 4500
001 57942
020 _a
040 _cAnchieta - Pituba
100 _aWollf, Virginia
240 1 0 _aMrs. dalloway; Orlando
_lpor
245 1 0 _aMrs. dalloway; Orlando
300 _a409
362 0 _a1972
650 4 _aFicção inglesa
942 _cBK
999 _c57942
_d57942